Törvényjavaslat az ipari záloglevelekről

Elmentve itt :
Bibliográfiai részletek
Szerző: Huppert Leó
Dokumentumtípus: Cikk
Megjelent: 1928
Sorozat:Polgári jog : a hazai és külföldi magánjog és hiteljog szemléje 4 No. 3
Kulcsszavak:Zálogjog fedezet
Online Access:http://misc.bibl.u-szeged.hu/4792
LEADER 00613nab a2200169 i 4500
001 misc4792
005 20191106142852.0
008 170607s1928 hu o 0|| hun d
040 |a SZTE Miscellanea Repozitórium  |b hun 
041 |a hun 
100 1 |a Huppert Leó 
245 1 0 |a Törvényjavaslat az ipari záloglevelekről  |h [elektronikus dokumentum] /  |c  Huppert Leó 
260 |c 1928 
300 |a 43-44a 
490 0 |a Polgári jog : a hazai és külföldi magánjog és hiteljog szemléje  |v 4 No. 3 
695 |a Zálogjog fedezet 
856 4 0 |u http://misc.bibl.u-szeged.hu/4792/1/polgari_jog_1928_043-044a.pdf  |z Dokumentum-elérés